[Event "ECF National club Under 1700"]
[Site "Kingston-upon-Hull, ENG"]
[Date "2023.10.20"]
[Round "1.11"]
[White "Al Haidar, Hussam"]
[Black "Collinson, Mark I"]
[Result "0-1"]
[WhiteElo "1525"]
[BlackElo "1961"]
[PlyCount "50"]
[EventDate "2023.10.20"]
[WhiteTeam "Hull Chess Club 4"]
[BlackTeam "Victoria Dock"]

1. e4 e5 2. Nf3 d6 3. g3 f5 4. exf5 Bxf5 5. d3 Nc6 6. Bg2 Be7 7. O-O Nf6 8. c3
O-O 9. Qb3+ d5 10. Qxb7 Qd7 11. Qa6 Rab8 12. d4 Rb6 13. Qe2 e4 14. Ne5 Nxe5 15.
dxe5 Ng4 16. h3 Nxe5 17. g4 Nf3+ 18. Bxf3 exf3 19. Qxf3 Bxb1 20. Qe2 Be4 21.
Be3 Bf3 22. Qd2 Rg6 23. Bf4 Rxg4+ 24. Bg3 Rh4 25. Rfe1 Qxh3 0-1

[Event "ECF National club Under 1700"]
[Site "Kingston-upon-Hull, ENG"]
[Date "2023.10.20"]
[Round "1.12"]
[White "Owst, A Peter"]
[Black "Scotter, John"]
[Result "1-0"]
[WhiteElo "1664"]
[BlackElo "1526"]
[PlyCount "81"]
[EventDate "2023.10.20"]
[WhiteTeam "Victoria Dock"]
[BlackTeam "Hull Chess Club 4"]

1. d4 d5 2. c4 e6 3. Nc3 Nf6 4. Bg5 c5 5. dxc5 Bxc5 6. e3 Be7 7. Nf3 O-O 8. Qc2
h6 9. Bxf6 Bxf6 10. O-O-O Qa5 11. a3 Bxc3 12. Qxc3 Qxc3+ 13. bxc3 dxc4 14. Bxc4
Nd7 15. Rd2 Nc5 16. Rhd1 Ne4 17. Rc2 b6 18. Ne5 Nc5 19. f3 Bb7 20. Nd7 Rfc8 21.
Ne5 a6 22. Kb2 b5 23. Be2 Na4+ 24. Kb3 Nb6 25. e4 Rab8 26. Rd6 Nc4 27. Bxc4
bxc4+ 28. Ka2 Rc7 29. Rcd2 Bc8 30. R2d4 Rb3 31. Rxc4 Rxc3 32. Rxc3 Rxc3 33. Kb2
Rc7 34. Rc6 Rxc6 35. Nxc6 Kf8 36. Kb3 Ke8 37. Kb4 Bb7 38. Kc5 Kd7 39. Ne5+ Ke7
40. Kb6 f6 41. Kxb7 1-0

[Event "ECF National club Under 1700"]
[Site "Kingston-upon-Hull, ENG"]
[Date "2023.10.20"]
[Round "1.13"]
[White "Pitel, Dominik"]
[Black "Miklevicz, Jim"]
[Result "1/2-1/2"]
[WhiteElo "1349"]
[BlackElo "1658"]
[PlyCount "80"]
[EventDate "2023.10.20"]
[WhiteTeam "Hull Chess Club 4"]
[BlackTeam "Victoria Dock"]

1. d4 d5 2. c4 c6 3. Nc3 Nf6 4. Bg5 e6 5. e3 Be7 6. Bxf6 Bxf6 7. c5 a5 8. a3
Nd7 9. b4 axb4 10. axb4 Rxa1 11. Qxa1 O-O 12. Bd3 e5 13. Nce2 g6 14. Nc1 b6 15.
Nb3 b5 16. Ne2 Qc7 17. O-O Bb7 18. Na5 Ra8 19. Qc3 e4 20. Bc2 Bg7 21. Ra1 Nf6
22. Ra3 Ne8 23. Qa1 Bf8 24. Nxb7 Rxa3 25. Qxa3 Qxb7 26. Qa5 Be7 27. Nc1 Qc7 28.
Nb3 Bd8 29. Qxc7 Bxc7 30. Na5 Bxa5 31. bxa5 Nc7 32. Kf1 Kf8 33. Ke2 Ke7 34. Kd2
Na6 35. Kc3 Kd7 36. f3 f5 37. fxe4 fxe4 38. Bd1 Kd8 39. g4 g5 40. Be2 Kc7
1/2-1/2

[Event "ECF National club Under 1700"]
[Site "Kingston-upon-Hull, ENG"]
[Date "2023.10.20"]
[Round "1.14"]
[White "Eggleton, Peter"]
[Black "Sharp, Stuart"]
[Result "0-1"]
[WhiteElo "1463"]
[BlackElo "1402"]
[PlyCount "58"]
[EventDate "2023.10.20"]
[WhiteTeam "Victoria Dock"]
[BlackTeam "Hull Chess Club 4"]

1. e4 Nf6 2. Nc3 d5 3. exd5 Nxd5 4. Nf3 Nxc3 5. bxc3 g6 6. d4 Bg7 7. c4 c5 8.
c3 Nc6 9. Bb2 Bg4 10. Be2 O-O 11. O-O Bxf3 12. Bxf3 cxd4 13. Bxc6 dxc3 14. Qxd8
Rfxd8 15. Bxb7 cxb2 16. Rab1 Rab8 17. Bf3 Rbc8 18. Rfd1 Rxd1+ 19. Rxd1 Bf6 20.
Be2 e6 21. Kf1 Kg7 22. h3 Rd8 23. Rb1 Bc3 24. Bd1 Rd2 25. c5 Rd5 26. c6 Rc5 27.
Bf3 e5 28. Rd1 Bd4 29. Be4 f5 0-1

[Event "ECF National club Under 1700"]
[Site "Kingston-upon-Hull, ENG"]
[Date "2023.10.20"]
[Round "1.21"]
[White "Hesler, Bryan"]
[Black "Wood, Gabriel"]
[Result "1-0"]
[WhiteElo "1704"]
[BlackElo "1722"]
[PlyCount "59"]
[EventDate "2023.10.20"]
[WhiteTeam "Hull Chess Club 3"]
[BlackTeam "Hull Chess Club 5"]

1. e4 d5 2. exd5 Qxd5 3. Nc3 Qa5 4. g3 c6 5. Bg2 e5 6. d3 Nf6 7. Nf3 Bg4 8. O-O
Nbd7 9. h3 Bh5 10. Bd2 Bc5 11. g4 Bg6 12. Nd5 Qd8 13. Nxf6+ Qxf6 14. Bg5 Qd6
15. d4 Bxd4 16. Nxd4 Qxd4 17. Qxd4 exd4 18. Rfe1+ Kf8 19. Be7+ Kg8 20. Bd6 Nf6
21. Re7 Bxc2 22. Rae1 h6 23. Rxb7 Nd5 24. Bxd5 cxd5 25. Ree7 Bg6 26. f4 d3 27.
Kf2 Be4 28. Rxf7 Rh7 29. Rxa7 Rxa7 30. Rf8# 1-0

[Event "ECF National club Under 1700"]
[Site "Kingston-upon-Hull, ENG"]
[Date "2023.10.20"]
[Round "1.22"]
[White "Black, Ewan"]
[Black "Dukalev, Oleg"]
[Result "0-1"]
[WhiteElo "1528"]
[BlackElo "1707"]
[PlyCount "126"]
[EventDate "2023.10.20"]
[WhiteTeam "Hull Chess Club 5"]
[BlackTeam "Hull Chess Club 3"]

1. d4 Nf6 2. c4 e5 3. dxe5 Ng4 4. Nf3 Nc6 5. Bf4 Bb4+ 6. Nbd2 Qe7 7. a3 Bxd2+
8. Qxd2 Ngxe5 9. Nxe5 Nxe5 10. e3 O-O 11. Be2 d6 12. O-O Re8 13. Rfd1 Ng6 14.
Bg3 Bf5 15. Qd4 b6 16. Bf3 Be4 17. Bxe4 Qxe4 18. Qxe4 Rxe4 19. Rd4 Re6 20. Rc1
Nf8 21. e4 a5 22. f3 Re7 23. Kf1 Ne6 24. Rd5 f6 25. f4 Rf8 26. Ke2 Nc5 27. e5
a4 28. h4 fxe5 29. fxe5 dxe5 30. Rc3 Ne4 31. Re3 Nxg3+ 32. Rxg3 Rf4 33. Rf3
Rxf3 34. Kxf3 Kf7 35. Ke4 Kf6 36. g4 h6 37. Rd8 Ke6 38. Rd5 Kf6 39. Rd8 Re6 40.
Rd5 Rc6 41. g5+ hxg5 42. hxg5+ Kxg5 43. Rxe5+ Kf6 44. Rf5+ Ke7 45. Kd3 Rf6 46.
Rg5 Kf7 47. Ke4 g6 48. c5 Rf2 49. cxb6 cxb6 50. Rb5 g5 51. Rxg5 Rxb2 52. Kd4
Ke7 53. Kc3 Rb3+ 54. Kc4 Kd6 55. Rg6+ Kc7 56. Rg7+ Kc6 57. Rh7 b5+ 58. Kd4 Kb6
59. Rh6+ Ka5 60. Rh8 Rxa3 61. Kc5 Rc3+ 62. Kd4 Rc7 63. Ra8+ Kb4 0-1

[Event "ECF National club Under 1700"]
[Site "Kingston-upon-Hull, ENG"]
[Date "2023.10.20"]
[Round "1.23"]
[White "Allison, Paul A"]
[Black "Donegan, Andrew"]
[Result "0-1"]
[WhiteElo "1711"]
[BlackElo "1411"]
[PlyCount "57"]
[EventDate "2023.10.20"]
[WhiteTeam "Hull Chess Club 3"]
[BlackTeam "Hull Chess Club 5"]

1. e4 d6 2. d4 Nf6 3. Nc3 g6 4. Bg5 Bg7 5. Qd2 O-O 6. O-O-O Nc6 7. Bh6 e5 8.
Bxg7 Kxg7 9. dxe5 Nxe5 10. f3 Be6 11. g4 h6 12. h4 Qe7 13. Qg2 Rad8 14. Be2 d5
15. g5 hxg5 16. Qxg5 Nc6 17. exd5 Nxd5 18. Nxd5 Qxg5+ 19. hxg5 Rxd5 20. Rxd5
Bxd5 21. Rh4 f6 22. f4 Be4 23. Bf3 fxg5 24. Rg4 Bxf3 25. Nxf3 gxf4 26. Ng5 Rf6
27. Ne4 Rf5 28. Ng5 f3 29. Rf4 0-1

[Event "ECF National club Under 1700"]
[Site "Kingston-upon-Hull, ENG"]
[Date "2023.10.20"]
[Round "1.24"]
[White "Garczynski, Antoni"]
[Black "Wood, Philip S"]
[Result "0-1"]
[WhiteElo "925"]
[BlackElo "1572"]
[PlyCount "68"]
[EventDate "2023.10.20"]
[WhiteTeam "Hull Chess Club 5"]
[BlackTeam "Hull Chess Club 3"]

1. e4 e5 2. Nf3 Nc6 3. Bc4 Bc5 4. c3 Bb6 5. O-O Nf6 6. b3 d6 7. d4 O-O 8. d5
Ne7 9. a4 a6 10. Bg5 Nxe4 11. Nbd2 Nxg5 12. Nxg5 h6 13. Nge4 f5 14. Ng3 Ng6 15.
Nh5 Qg5 16. a5 Ba7 17. Bd3 Nh4 18. g3 Qxd2 19. gxh4 Qxd1 20. Rfxd1 f4 21. Be2
g6 22. Nxf4 Rxf4 23. Ra4 Rxf2 24. Re1 Rxe2+ 25. Kf1 Rf2+ 26. Kg1 Rc2+ 27. Kh1
Bh3 28. Rg1 Bxg1 29. Kxg1 Rf8 30. Ra1 Rff2 31. h5 Rg2+ 32. Kf1 Rxh2+ 33. Kg1
Rcg2+ 34. Kf1 Rh1# 0-1

[Event "ECF National club Under 1700"]
[Site "Kingston-upon-Hull, ENG"]
[Date "2023.10.20"]
[Round "1.201"]
[White "Wabuti, Rose"]
[Black "Ashley, Mark S"]
[Result "1-0"]
[WhiteElo "1699"]
[BlackElo "1651"]
[PlyCount "45"]
[EventDate "2023.10.20"]
[WhiteTeam "She Plays To Win A"]
[BlackTeam "DHSS"]

1. Nf3 Nf6 2. d4 c5 3. c4 cxd4 4. Nxd4 Nc6 5. Nc3 g6 6. g3 Bg7 7. e3 O-O 8. Bg2
Rb8 9. O-O a6 10. Rb1 Qa5 11. Bd2 Qb6 12. Nxc6 dxc6 13. Qc2 Be6 14. b3 Rbd8 15.
Rfd1 Bg4 16. Re1 Qc5 17. h3 Be6 18. Ne2 Bf5 19. e4 Nxe4 20. Be3 Qe5 21. Bf4
Nxf2 22. Bxe5 Bxc2 23. Bxg7 1-0

[Event "ECF National club Under 1700"]
[Site "Kingston-upon-Hull, ENG"]
[Date "2023.10.20"]
[Round "1.203"]
[White "Gilbert, David J"]
[Black "RoyChowdhury, Aashita"]
[Result "1/2-1/2"]
[WhiteElo "1556"]
[BlackElo "1467"]
[PlyCount "67"]
[EventDate "2023.10.20"]
[WhiteTeam "DHSS"]
[BlackTeam "She Plays To Win B"]

1. c4 e5 2. g3 Nc6 3. Bg2 Bc5 4. Nc3 Nf6 5. a3 a6 6. e3 d6 7. Nge2 Bd7 8. O-O
O-O 9. Re1 Qc8 10. d4 Ba7 11. b4 Re8 12. Bb2 exd4 13. Nd5 dxe3 14. Nxf6+ gxf6
15. f4 Kg7 16. Kh1 Bh3 17. Qd5 Bxg2+ 18. Kxg2 Qe6 19. Qg5+ Kf8 20. Bxf6 Qe4+
21. Kg1 Qg6 22. Kg2 Qxg5 23. fxg5 Re4 24. Rac1 Ne5 25. Bxe5 Rxe5 26. h4 c5 27.
Red1 Rd8 28. Rd3 cxb4 29. axb4 d5 30. Rcd1 d4 31. c5 a5 32. Rxd4 Rxd4 33. Rxd4
axb4 34. Rxb4 1/2-1/2

[Event "ECF National club Under 1700"]
[Site "Kingston-upon-Hull, ENG"]
[Date "2023.10.20"]
[Round "1.202"]
[White "Eccleston, Bryony"]
[Black "Ravi, Vash"]
[Result "1-0"]
[WhiteElo "1467"]
[BlackElo "1532"]
[PlyCount "105"]
[EventDate "2023.10.20"]
[WhiteTeam "She Plays To Win B"]
[BlackTeam "She Plays To Win A"]

1. e4 e6 2. d4 d5 3. e5 c5 4. c3 Nc6 5. Nf3 Qb6 6. Bd3 Bd7 7. O-O cxd4 8. cxd4
Nxd4 9. Nbd2 Nxf3+ 10. Nxf3 g6 11. b3 Nh6 12. Be3 Qc7 13. Rc1 Bc6 14. Bb5 Nf5
15. Bg5 Be7 16. Bxe7 Nxe7 17. Nd4 O-O 18. Qc2 Rac8 19. Rfe1 Qb6 20. Nxc6 Nxc6
21. Bxc6 bxc6 22. Qc5 Rc7 23. Re3 Rd8 24. Rec3 Qxc5 25. Rxc5 Rdc8 26. f4 f6 27.
g4 h5 28. h3 hxg4 29. hxg4 fxe5 30. fxe5 Kf7 31. Rf1+ Ke7 32. Rf6 Rg8 33. g5
Rf8 34. Rxg6 Rf5 35. Rg7+ Kd8 36. Rg8+ Kd7 37. g6 Rc8 38. Rg7+ Kd8 39. Rg8+ Kc7
40. Rxc6+ Kxc6 41. Rxc8+ Kd7 42. Rg8 Rxe5 43. Kf2 Rg5 44. g7 Ke7 45. Ra8 Rxg7
46. Rxa7+ Kf6 47. Rxg7 Kxg7 48. a4 d4 49. a5 e5 50. a6 d3 51. Ke3 e4 52. a7 Kf6
53. a8=Q 1-0

[Event "ECF National club Under 1700"]
[Site "Kingston-upon-Hull, ENG"]
[Date "2023.10.21"]
[Round "2.11"]
[White "Collinson, Mark I"]
[Black "Eccleston, Bryony"]
[Result "1-0"]
[WhiteElo "1961"]
[BlackElo "1467"]
[PlyCount "113"]
[EventDate "2023.10.21"]
[WhiteTeam "Victoria Dock"]
[BlackTeam "She Plays To Win B"]

1. d4 Nf6 2. c4 e5 3. dxe5 Ng4 4. g3 Bc5 5. e3 Nxe5 6. Bg2 d6 7. Nf3 Nxc4 8.
Qa4+ Nc6 9. Qxc4 Be6 10. Qe2 Bf5 11. Nc3 Nb4 12. e4 Bg6 13. a3 Nc6 14. O-O Bh5
15. Be3 Bb6 16. Bxb6 axb6 17. Qe3 O-O 18. Rac1 Re8 19. Qg5 Qxg5 20. Nxg5 Nd4
21. f3 Re5 22. Nh3 f6 23. Nf4 Bf7 24. Rfe1 c6 25. Rcd1 c5 26. Nfd5 b5 27. f4
Rh5 28. g4 Rh4 29. h3 h5 30. g5 fxg5 31. fxg5 Rf8 32. Rf1 Re8 33. Kh2 Re5 34.
Ne7+ Rxe7 35. Kg3 Nc2 36. Kxh4 Ne3 37. Kg3 Nxf1+ 38. Rxf1 Bc4 39. Rd1 Re6 40.
h4 b6 41. Kf4 Kf7 42. Nd5 Bxd5 43. Rxd5 g6 44. Bh3 Re8 45. Rxd6 Rb8 46. Rd7+
Kf8 47. e5 Ra8 48. e6 Ra4+ 49. Ke5 Rxh4 50. Kf6 Ke8 51. Rb7 Rf4+ 52. Kxg6 Kd8
53. e7+ Ke8 54. Bf5 h4 55. Kf6 Rxf5+ 56. Kxf5 h3 57. Ke6 1-0

[Event "ECF National club Under 1700"]
[Site "Kingston-upon-Hull, ENG"]
[Date "2023.10.21"]
[Round "2.12"]
[White "RoyChowdhury, Aashita"]
[Black "Owst, A Peter"]
[Result "1-0"]
[WhiteElo "1467"]
[BlackElo "1664"]
[PlyCount "129"]
[EventDate "2023.10.21"]
[WhiteTeam "She Plays To Win B"]
[BlackTeam "Victoria Dock"]

1. e4 c6 2. d4 d5 3. exd5 cxd5 4. Bf4 Nf6 5. Nf3 a6 6. c3 Bf5 7. Bd3 Bxd3 8.
Qxd3 e6 9. Nbd2 Nbd7 10. h3 h6 11. Qe3 g5 12. Bg3 Bg7 13. c4 O-O 14. c5 Rc8 15.
Bd6 Re8 16. Ne5 b6 17. b4 Bf8 18. Bxf8 Rxf8 19. h4 Nxe5 20. Qxe5 Nh7 21. Nf3 g4
22. Qg3 f5 23. Ne5 h5 24. Ng6 Rf6 25. Nf4 Qe8 26. Qe3 bxc5 27. bxc5 Rb8 28. O-O
Nf8 29. Rfe1 Ng6 30. Nxd5 Qf7 31. Nxf6+ Qxf6 32. Qxe6+ Qxe6 33. Rxe6 Kf7 34.
Rb6 Rd8 35. Rd1 Nf4 36. c6 Nd5 37. Rb7+ Kf6 38. c7 Rc8 39. Rc1 Ke6 40. Rc6+ Kd7
41. Rc5 Nxc7 42. Rbxc7+ Rxc7 43. Rxc7+ Kxc7 44. Kf1 Kd6 45. Ke2 Kd5 46. Kd3 f4
47. f3 gxf3 48. gxf3 a5 49. a4 Kd6 50. Ke4 Ke6 51. d5+ Kd6 52. Kd4 Kd7 53. Kc5
Kc7 54. d6+ Kd7 55. Kd5 Kd8 56. Ke5 Kd7 57. Kxf4 Kxd6 58. Kg5 Kc5 59. f4 Kb4
60. f5 Kxa4 61. f6 Kb3 62. f7 a4 63. f8=Q a3 64. Qxa3+ Kxa3 65. Kxh5 1-0

[Event "ECF National club Under 1700"]
[Site "Kingston-upon-Hull, ENG"]
[Date "2023.10.21"]
[Round "2.13"]
[White "Miklevicz, Jim"]
[Black "Tager, Maya"]
[Result "0-1"]
[WhiteElo "1658"]
[BlackElo "1280"]
[PlyCount "88"]
[EventDate "2023.10.21"]
[WhiteTeam "Victoria Dock"]
[BlackTeam "She Plays To Win B"]

1. b4 e5 2. Bb2 d6 3. e3 Nd7 4. Nf3 Be7 5. Be2 Ngf6 6. O-O O-O 7. d3 b6 8. Nbd2
Bb7 9. a4 a6 10. c4 c5 11. b5 e4 12. dxe4 Nxe4 13. Qc2 Nxd2 14. Nxd2 Bf6 15.
Bf3 Bxf3 16. Nxf3 Bxb2 17. Qxb2 a5 18. Rad1 Nf6 19. Ne5 Qe7 20. Nc6 Qe6 21. Qc2
Rfe8 22. h3 Ne4 23. Qd3 Qh6 24. f3 Ng3 25. Rfe1 Re6 26. Kh2 Qh4 27. e4 Nh5 28.
Qd2 Qg3+ 29. Kh1 Nf4 30. Rg1 Nxh3 31. gxh3 Qxh3+ 32. Qh2 Qxf3+ 33. Rg2 Qxd1+
34. Qg1 Rh6+ 35. Rh2 Qf3+ 36. Qg2 Rxh2+ 37. Kxh2 Qf4+ 38. Kg1 Re8 39. Qh3 Qxe4
40. Qd7 Qb1+ 41. Kf2 Qc2+ 42. Kf3 Qd3+ 43. Kf4 Re4+ 44. Kg5 h6+ 0-1

[Event "ECF National club Under 1700"]
[Site "Kingston-upon-Hull, ENG"]
[Date "2023.10.21"]
[Round "2.21"]
[White "Colclough, Ryan"]
[Black "Dukalev, Oleg"]
[Result "0-1"]
[WhiteElo "1784"]
[BlackElo "1707"]
[PlyCount "110"]
[EventDate "2023.10.21"]
[WhiteTeam "Wanstead and Woodford"]
[BlackTeam "Hull Chess Club 3"]

1. e4 e5 2. Nf3 Nf6 3. d4 Nxe4 4. Nxe5 d5 5. Nd2 Nxd2 6. Bxd2 Be6 7. Bd3 Nd7 8.
O-O Nxe5 9. dxe5 Qd7 10. c3 Be7 11. Qc2 g6 12. a4 c6 13. a5 Bf5 14. Bxf5 Qxf5
15. Qxf5 gxf5 16. Ra4 Kd7 17. Rf4 Ke6 18. Re1 Rhg8 19. h3 h5 20. c4 Bg5 21. Rd4
Bxd2 22. cxd5+ cxd5 23. Rxd2 Rac8 24. Red1 Rgd8 25. f4 Rc4 26. Rd4 Rc2 27. b4
Rd7 28. Kh2 Rc4 29. Kg3 Rxd4 30. Rxd4 Rc7 31. Rd3 Rc4 32. b5 Rb4 33. b6 axb6
34. axb6 Rxb6 35. Kh4 Rb4 36. Kg5 h4 37. g4 hxg3 38. Rxg3 Rb2 39. h4 Rh2 40.
Rb3 Rg2+ 41. Kh5 d4 42. Rb6+ Kd5 43. Rxb7 d3 44. Rd7+ Ke4 45. Rxf7 Kxf4 46. Rd7
Kxe5 47. Rxd3 f4 48. Ra3 Rg3 49. Ra5+ Ke4 50. Ra4+ Kf3 51. Ra3+ Kg2 52. Ra2+
Kh3 53. Ra1 f3 54. Ra2 Rg8 55. Rb2 Kg3 0-1

[Event "ECF National club Under 1700"]
[Site "Kingston-upon-Hull, ENG"]
[Date "2023.10.21"]
[Round "2.22"]
[White "Allison, Paul A"]
[Black "Meadows, Pete"]
[Result "1-0"]
[WhiteElo "1711"]
[BlackElo "1734"]
[PlyCount "49"]
[EventDate "2023.10.21"]
[WhiteTeam "Hull Chess Club 3"]
[BlackTeam "Wanstead and Woodford"]

1. e4 c5 2. Nf3 Nc6 3. d4 cxd4 4. Nxd4 e5 5. Nb5 d6 6. N1c3 a6 7. Na3 Be7 8.
Nc4 Nf6 9. Bg5 Be6 10. Ne3 O-O 11. Bxf6 Bxf6 12. Ned5 b5 13. Nxf6+ Qxf6 14.
Qxd6 Nd4 15. Bd3 Rfd8 16. Qb6 Qg5 17. h4 Qf4 18. Nd1 Nxc2+ 19. Bxc2 Qd2+ 20.
Kf1 Qxc2 21. Ke1 Rd4 22. Ne3 Qxb2 23. Rd1 Rxd1+ 24. Nxd1 Rc8 25. Nxb2 1-0

[Event "ECF National club Under 1700"]
[Site "Kingston-upon-Hull, ENG"]
[Date "2023.10.21"]
[Round "2.23"]
[White "Li, Colin"]
[Black "Wood, Philip S"]
[Result "0-1"]
[WhiteElo "1604"]
[BlackElo "1572"]
[PlyCount "128"]
[EventDate "2023.10.21"]
[WhiteTeam "Wanstead and Woodford"]
[BlackTeam "Hull Chess Club 3"]

1. d4 d5 2. Nf3 Nc6 3. c4 e6 4. Nc3 Nge7 5. Bf4 Ng6 6. Bg3 Bb4 7. Qb3 Bxc3+ 8.
bxc3 O-O 9. e3 Nce7 10. Bd3 c6 11. O-O h6 12. Rad1 b6 13. Rfe1 Re8 14. e4 Kh8
15. h4 Kg8 16. h5 Nf8 17. Bb1 Ba6 18. cxd5 cxd5 19. exd5 Qxd5 20. Qa3 Qa5 21.
Qxa5 bxa5 22. Re5 Nd5 23. Rc1 Rec8 24. Be4 Nd7 25. Bxd5 Nxe5 26. Bxa8 Nd3 27.
Rb1 Rxa8 28. Rb8+ Rxb8 29. Bxb8 Nc1 30. Ne5 Ne2+ 31. Kf1 Nxc3+ 32. Ke1 Nxa2 33.
Bd6 Nb4 34. Kd2 Bb7 35. Kc3 Bxg2 36. Nc4 Nc6 37. Bc5 Bf3 38. Kb3 Bxh5 39. Ka4
a6 40. Nxa5 Nxa5 41. Kxa5 Be2 42. Kb6 Kh7 43. Kc6 Kg6 44. Kd6 h5 45. Ke5 Kg5
46. f4+ Kg4 47. f5 Bc4 48. fxe6 fxe6 49. Ke4 Bd5+ 50. Ke3 h4 51. Kf2 g5 52. Bd6
h3 53. Kg1 Kf3 54. Kh2 g4 55. Bc7 Kf2 56. Bg3+ Ke3 57. Be5 a5 58. Kg3 Bf3 59.
Kh2 a4 60. Kg3 a3 61. Kh2 a2 62. d5 exd5 63. Bg3 a1=Q 64. Bf2+ Ke4 0-1

[Event "ECF National club Under 1700"]
[Site "Kingston-upon-Hull, ENG"]
[Date "2023.10.21"]
[Round "2.24"]
[White "Smith, Sean"]
[Black "Raikundalia, Krishna"]
[Result "1-0"]
[WhiteElo "1528"]
[BlackElo "1600"]
[PlyCount "145"]
[EventDate "2023.10.21"]
[WhiteTeam "Hull Chess Club 3"]
[BlackTeam "Wanstead and Woodford"]

1. d4 Nf6 2. Nc3 e6 3. Bf4 a6 4. e3 d5 5. Bd3 Bd6 6. Nf3 Bxf4 7. exf4 Nbd7 8.
Ne5 c5 9. Be2 Qb6 10. Na4 Qa5+ 11. c3 cxd4 12. Qxd4 O-O 13. O-O Ne4 14. Nxd7
Bxd7 15. Nb6 Rad8 16. Nxd7 Rxd7 17. Rfd1 Qc5 18. Bf3 Qxd4 19. Rxd4 Nd6 20. Rad1
Rfd8 21. h3 Kf8 22. g3 Ke7 23. Re1 Kf8 24. Red1 Rc7 25. Be2 Rdc8 26. Kg2 Ke7
27. Bd3 Rc6 28. Re1 Kf8 29. f5 Nc4 30. Bxc4 dxc4 31. fxe6 Rxe6 32. Rxe6 fxe6
33. Rd7 b5 34. Rd6 Ra8 35. Rxe6 Kf7 36. Rc6 Ra7 37. g4 Ke7 38. Kg3 Kd7 39. Rb6
Kc7 40. Re6 Kd7 41. Re5 Kd6 42. Re8 Kd7 43. Re5 Kd6 44. f4 Rf7 45. h4 g6 46.
Kf3 Rd7 47. h5 gxh5 48. Rxh5 Kc7 49. Rh2 Re7 50. g5 a5 51. Re2 Rd7 52. Re5 Kb6
53. Ke2 b4 54. f5 bxc3 55. bxc3 Rd3 56. Re3 Rd5 57. Re6+ Kb7 58. g6 hxg6 59.
Re7+ Kb6 60. Re6+ Kb7 61. fxg6 Rg5 62. Ke3 Rg3+ 63. Kd4 Rg4+ 64. Kc5 Rg5+ 65.
Kxc4 Rg4+ 66. Kd5 Rg2 67. Re7+ Kb6 68. g7 Rd2+ 69. Ke6 Rg2 70. Kf7 Rf2+ 71. Ke8
Rg2 72. Kf8 Rf2+ 73. Rf7 1-0

[Event "ECF National club Under 1700"]
[Site "Kingston-upon-Hull, ENG"]
[Date "2023.10.21"]
[Round "2.31"]
[White "Ashton, Alannah"]
[Black "Catto, Joseph"]
[Result "0-1"]
[WhiteElo "1891"]
[BlackElo "1856"]
[PlyCount "70"]
[EventDate "2023.10.21"]
[WhiteTeam "She Plays To Win A"]
[BlackTeam "Hull Chess Club 4"]

1. e4 Nc6 2. d4 d5 3. exd5 Qxd5 4. Nf3 e5 5. dxe5 Qxd1+ 6. Kxd1 Bg4 7. Be2
O-O-O+ 8. Nbd2 Bc5 9. Ke1 Nb4 10. Bd1 Ne7 11. a3 Nbd5 12. h3 Bxf3 13. Nxf3 Ng6
14. b4 Nc3 15. Bd2 Nxd1 16. Rxd1 Bd4 17. Nxd4 Rxd4 18. Bc3 Rc4 19. Rd3 Nf4 20.
Rg3 Re4+ 21. Kf1 Rd8 22. Re3 Rc4 23. g3 Nd5 24. Be1 Nxe3+ 25. fxe3 Rxc2 26. Rg1
Rd1 27. g4 Kd7 28. g5 Ke6 29. h4 Rxe1+ 30. Kxe1 Rc1+ 31. Kf2 Rxg1 32. Kxg1 Kf5
33. Kf2 Kg4 34. g6 hxg6 35. a4 Kf5 0-1

[Event "ECF National club Under 1700"]
[Site "Kingston-upon-Hull, ENG"]
[Date "2023.10.21"]
[Round "2.32"]
[White "Al Haidar, Hussam"]
[Black "Wabuti, Rose"]
[Result "1-0"]
[WhiteElo "1525"]
[BlackElo "1699"]
[PlyCount "87"]
[EventDate "2023.10.21"]
[WhiteTeam "Hull Chess Club 4"]
[BlackTeam "She Plays To Win A"]

1. e4 e6 2. Nf3 d5 3. exd5 exd5 4. d4 Bd6 5. c4 c6 6. c5 Be7 7. Be2 Bf5 8. Bf4
Nf6 9. Nc3 Nbd7 10. O-O O-O 11. Re1 Ne4 12. Bd3 Ndf6 13. Ne5 Rc8 14. Na4 b5 15.
cxb6 axb6 16. f3 Nd6 17. Nxf7 Rxf7 18. Bxd6 Bxd3 19. Bxe7 Rxe7 20. Qxd3 Nd7 21.
Nc3 Qf8 22. Rac1 Rce8 23. Rxe7 Rxe7 24. Ne2 Qf6 25. Kf2 Qh4+ 26. Ng3 Qf6 27.
Rc2 g6 28. Rc1 Qe6 29. a3 c5 30. Ne2 c4 31. Qd2 Qf6 32. g3 Qe6 33. Nf4 Qd6 34.
Re1 Nf6 35. Rxe7 Qxe7 36. Qe3 Kf7 37. Qe5 Qd7 38. h4 Qf5 39. Qxf5 gxf5 40. Ke3
Ke7 41. Nh3 Nh5 42. g4 fxg4 43. fxg4 Nf6 44. Kf4 1-0

[Event "ECF National club Under 1700"]
[Site "Kingston-upon-Hull, ENG"]
[Date "2023.10.21"]
[Round "2.33"]
[White "Ononaiye, Tosin"]
[Black "Pitel, Dominik"]
[Result "1-0"]
[WhiteElo "1671"]
[BlackElo "1349"]
[PlyCount "75"]
[EventDate "2023.10.21"]
[WhiteTeam "She Plays To Win A"]
[BlackTeam "Hull Chess Club 4"]

1. d4 d5 2. Bf4 Nf6 3. e3 Bf5 4. Nf3 e6 5. c3 Nbd7 6. Bd3 Bxd3 7. Qxd3 c5 8.
Qc2 c4 9. Nbd2 b5 10. a3 a5 11. e4 Nb8 12. O-O Nc6 13. Rfe1 Be7 14. Bg5 b4 15.
Qa4 Qd7 16. axb4 O-O 17. Ne5 Nxe5 18. dxe5 Qxa4 19. Rxa4 Nxe4 20. Bxe7 Nxd2 21.
Bxf8 Kxf8 22. Rxa5 Rb8 23. Ra7 Nb3 24. Re3 Kg8 25. Rf3 Rf8 26. b5 h6 27. b6 Nc5
28. b7 Nd3 29. Ra8 Nxe5 30. Rxf8+ Kxf8 31. b8=Q+ Ke7 32. Qxe5 f6 33. Qc7+ Kf8
34. Rg3 g5 35. Rh3 h5 36. Rxh5 Kg8 37. Rh7 e5 38. Qg7# 1-0

[Event "ECF National club Under 1700"]
[Site "Kingston-upon-Hull, ENG"]
[Date "2023.10.21"]
[Round "2.34"]
[White "Sharp, Stuart"]
[Black "Ravi, Vash"]
[Result "0-1"]
[WhiteElo "1402"]
[BlackElo "1532"]
[PlyCount "68"]
[EventDate "2023.10.21"]
[WhiteTeam "Hull Chess Club 4"]
[BlackTeam "She Plays To Win A"]

1. Nf3 d5 2. c4 c6 3. g3 Nf6 4. Bg2 e6 5. O-O a5 6. cxd5 cxd5 7. d4 Nc6 8. a3
Be7 9. Nc3 Bd7 10. Re1 O-O 11. Bg5 Ne4 12. Nxe4 dxe4 13. Bxe7 Qxe7 14. Ne5 f5
15. Nxd7 Qxd7 16. e3 Rad8 17. Qb3 Kh8 18. Red1 Qf7 19. Bf1 g5 20. Bc4 Rd6 21.
Qc3 Qf6 22. Bxe6 f4 23. d5 Ne5 24. Rf1 f3 25. Qd4 Re8 26. Qxe4 Rdxe6 27. dxe6
Qxe6 28. g4 Qh6 29. Qf5 Qh3 30. Qf6+ Kg8 31. Qxg5+ Ng6 32. Qd5+ Kg7 33. Qd4+
Kh6 34. g5+ Kh5 0-1

[Event "ECF National club Under 1700"]
[Site "Kingston-upon-Hull, ENG"]
[Date "2023.10.21"]
[Round "2.41"]
[White "Wood, Gabriel"]
[Black "Ashley, Mark S"]
[Result "1-0"]
[WhiteElo "1722"]
[BlackElo "1651"]
[PlyCount "31"]
[EventDate "2023.10.21"]
[WhiteTeam "Hull Chess Club 5"]
[BlackTeam "DHSS"]

1. e4 d5 2. e5 c5 3. d4 Nc6 4. c3 cxd4 5. cxd4 Qb6 6. Nc3 e6 7. Bb5 Bd7 8. Bxc6
bxc6 9. Nge2 c5 10. O-O cxd4 11. Nxd4 Ne7 12. Qd3 Ng6 13. Re1 Bc5 14. Nce2 Nxe5
15. Qg3 Ng6 16. Nb3 1-0

[Event "ECF National club Under 1700"]
[Site "Kingston-upon-Hull, ENG"]
[Date "2023.10.21"]
[Round "2.42"]
[White "Pride, Stephen C"]
[Black "Black, Ewan"]
[Result "1-0"]
[WhiteElo "1603"]
[BlackElo "1528"]
[PlyCount "29"]
[EventDate "2023.10.21"]
[WhiteTeam "DHSS"]
[BlackTeam "Hull Chess Club 5"]

1. d4 Nf6 2. Bf4 e6 3. Nc3 a6 4. e3 d5 5. Bd3 c5 6. h3 Nc6 7. Nf3 Be7 8. O-O
O-O 9. a4 Nb4 10. Be2 Bd7 11. Ne5 cxd4 12. exd4 Bd6 13. Nxf7 Rxf7 14. Bxd6 Bxa4
15. Bxb4 1-0

[Event "ECF National club Under 1700"]
[Site "Kingston-upon-Hull, ENG"]
[Date "2023.10.21"]
[Round "2.43"]
[White "Holgate, Antony"]
[Black "Gilbert, David J"]
[Result "0-1"]
[WhiteElo "1407"]
[BlackElo "1556"]
[PlyCount "77"]
[EventDate "2023.10.21"]
[WhiteTeam "Hull Chess Club 5"]
[BlackTeam "DHSS"]

1. e4 d5 2. Nf3 dxe4 3. Ne5 Nf6 4. g3 Qd5 5. Be2 Qxe5 6. O-O Nc6 7. Nc3 Bf5 8.
Re1 Nd4 9. b3 Nxe2+ 10. Rxe2 Bg4 11. Rb1 Bxe2 12. Nxe2 Qc5 13. c3 e5 14. b4 Qb6
15. Bb2 Bd6 16. Qa4+ c6 17. c4 Qxb4 18. Qxb4 Bxb4 19. Bxe5 Bxd2 20. Rxb7 O-O
21. Nd4 e3 22. fxe3 Bxe3+ 23. Kg2 Bxd4 24. Bxd4 Rfb8 25. Re7 Re8 26. Rc7 Rec8
27. Re7 c5 28. Bc3 Ne8 29. h4 Nd6 30. Re5 Nxc4 31. Rg5 g6 32. h5 Nd6 33. hxg6
fxg6 34. Rg4 Re8 35. Rh4 Re2+ 36. Kf3 Rae8 37. Rf4 R2e3+ 38. Kg2 Rxc3 39. Rf8+
0-1